| 000 | 00612nam a2200241Ia 4500 | ||
|---|---|---|---|
| 003 | OSt | ||
| 005 | 20220918201256.0 | ||
| 006 | a|||||r|||| 00| 0 | ||
| 007 | ta | ||
| 008 | 220917b |||||||| |||| 00| 0 eng d | ||
| 024 | _a92,796 | ||
| 037 | _cTextual | ||
| 040 |
_aARTS _cARTS _beng |
||
| 041 |
_2eng _aeng |
||
| 082 | _aV1:19:N5, K61 | ||
| 100 |
_aBurton J W Ed. _997862 |
||
| 245 | 0 | _aNonalignment | |
| 260 |
_aLondon _bAndre Deutsch UK _c1966 |
||
| 300 |
_a136p _ccm. |
||
| 650 | _aWORLD HISTORY | ||
| 942 |
_hV1:19:N5, K61 _cTEXL _2CC |
||
| 999 |
_c216447 _d216447 |
||